Musical Terms - 2 (D-L) - Statistics

General Stats
  • This quiz has been taken 9 times
  • The average score is 11 of 17
Answer Stats
Hint Answer % Correct
Dal segno (D.S.) Repeat from "S" sign
100%
Energico Energetic
86%
Forza Force
86%
Grazioso Graceful
86%
Fine The end
86%
E, ed And
71%
Leggiero Light, nimble
71%
Larghetto Rather slow
71%
Da capo (D.C.) Repeat from beginning
71%
Doloroso Sorrowful
57%
Douce Sweet
57%
Deciso With determination
57%
Lebhaft Lively
43%
Giocoso Playful, merry
43%
Lent, lento Slow
43%
Largamente Broadly
14%
Dolore Grief, sorrow
14%
No matching quizzes found
Score Distribution
Percent of People with Each Score
Percentile by Number Answered
Your Score History
You have not taken this quiz